Some views on linguistic and didactic aspects of English language abbreviations used in specific context

Problematika lexikológie anglického jazyka so zameraním na definíciu skracovacích procesov v slovotvorbe, niektoré charakteristické črty skracovania a motivácia pre vytváranie nových skrátených jednotiek v angličtine.

Guardado en:
Detalles Bibliográficos
Autor principal: Kapráliková, Ivana, 1974-
Formato: Capítulo de libro
Lenguaje:inglés
Materias:
Etiquetas: Agregar Etiqueta
Sin Etiquetas, Sea el primero en etiquetar este registro!

MARC

LEADER 00000nla a2200000 4500
001 0207038
005 20240502073435.6
041 0 |a eng 
044 |a SK 
245 1 0 |a Some views on linguistic and didactic aspects of English language abbreviations used in specific context  |c Ivana Kapráliková 
520 |a Problematika lexikológie anglického jazyka so zameraním na definíciu skracovacích procesov v slovotvorbe, niektoré charakteristické črty skracovania a motivácia pre vytváranie nových skrátených jednotiek v angličtine. 
610 2 0 |a jazykoveda 
610 2 0 |a jazyky cudzie 
610 2 0 |a angličtina 
610 2 0 |a lexikológia 
100 1 |a Kapráliková, Ivana, 1974-